Cities in the Pokémon Kalos Region on a Map - Statistics

General Stats
  • This quiz has been taken 723 times
    720 since last reset
  • The average score is 9 of 17
Answers on the Map
Answers color-coded by a green-red scale on the quiz's map according to % correct below.
 
Answer Stats
Answer % Correct
Lumiose City
90%
Vaniville Town
68%
Pokémon League
67%
Santalune City
65%
Snowbelle City
62%
Anistar City
54%
Kiloude City
54%
Aquacorde Town
53%
Geosenge Town
53%
Cyllage City
50%
Shalour City
50%
Coumarine City
49%
Laverre City
47%
Camphrier Town
46%
Ambrette Town
43%
Dendemille Town
38%
Couriway Town
37%
No matching quizzes found
Score Distribution
Percent of People with Each Score
Percentile by Number Answered
Your Score History
You have not taken this quiz since the last reset